Talk That Counts: Age, Gender, and Social Class Differences in Discourse (Record no. 611314)

MARC details
000 -LEADER
fixed length control field 00752nam a2200181 a 4500
008 - FIXED-LENGTH DATA ELEMENTS--GENERAL INFORMATION
fixed length control field 260210s2026##################000#0#eng##
020 ## - INTERNATIONAL STANDARD BOOK NUMBER
ISBN 9780195173826
Paper back/Hardbound pbk
041 ## - LANGUAGE CODE
Language code of text/sound track or separate title eng
082 04 - DEWEY DECIMAL CLASSIFICATION NUMBER
Classification number 306.440941443
Item number MAC
100 ## - MAIN ENTRY--AUTHOR NAME
Personal name MacAulay, Ronald K. S.
245 10 - TITLE STATEMENT
Title Talk That Counts: Age, Gender, and Social Class Differences in Discourse
Statement of responsibility, etc /Ronald K. S. MacAulay
260 ## - PUBLICATION, DISTRIBUTION, ETC. (IMPRINT)
Name of publisher Oxford Univ Pr on Demand
Year of publication 2005.
300 ## - PHYSICAL DESCRIPTION
Number of Pages 225p,;
Dimensions 20 cm.
504 ## - BIBLIOGRAPHY, ETC. NOTE
Bibliography, etc Includes index
520 ## - SUMMARY, ETC.
Summary, etc Talk That Counts is a sociolinguistic study of variation in discourse employing quantitative methods to explore age, gender, and social class differences in the use of features such as you know, I mean, adverbs, and pronouns.<br/>
942 ## - ADDED ENTRY ELEMENTS (KOHA)
Koha item type English Books
Holdings
Withdrawn status Lost status Damaged status Not for loan Home library Current library Shelving location Date acquired Full call number Accession Number Price effective from Koha item type
        Anna Centenary Library Anna Centenary Library 3RD FLOOR, B WING 10.02.2026 306.440941443 MAC 268285 10.02.2026 English Books

Find us on the map